000 00655nam a2200277Ia 4500
005 20260324122303.0
008 008 260324s9999 xx 000 0 eng d
020 _a9780203374627
037 _aEBOOK
040 _aCRL
040 _beng
040 _cCRL
041 _2eng
041 _aeng
084 _qCRL
100 _aShiyi Chen
_91165861
245 0 _aEnergy, Environment and Economic Transformation in China
260 _bTaylor and Francis
260 _c2013
365 _a
365 _b170
856 _uhttp://www.taylorfrancis.com/books/9780203374627
942 _cEBOOK
999 _c1758476
_d1758476